000 00276nam a22001097a 4500
082 _a004
100 _aChoubey,Santosh
_983800
245 _aCommunication Skills & Personality Development
260 _aBhopal
_bAisect Publication
_c2024
650 _aComputer
942 _cC. BOOKS
999 _c68778
_d68778